000
00287nam a2200121Ia 4500
008
241002s9999 xx 000 0 und d
082
_a
520 DAV
100
_a
Davidson, M.
245
3
_a
An Easy outline of astronomy
260
_a
London:
_c
1946
600
_a
Natural Science
942
_c
UC
999
_c
18951
_d
18951